Meranie a rozpočítanie tepla 2007 : 7.konferencia s medzinárodnou účasťou.Piešťany,SR,november 2007

Saved in:
Bibliographic Details
Format: Book
Published: Bratislava : Slovenská spoločnosť pre techniku prostredia ZSVTS, 2007
Tags: Add Tag
No Tags, Be the first to tag this record!

MARC

LEADER 00000nam a22000003a 4500
001 stu151770
005 20150408163337.4
008 071127s2007----xo----------------------d
020 |a 978-80-89216-17-8 
040 |a STU  |b slo 
041 0
044 |a xo 
245 |a Meranie a rozpočítanie tepla 2007 :  |b 7.konferencia s medzinárodnou účasťou.Piešťany,SR,november 2007 
260 |a Bratislava :  |b Slovenská spoločnosť pre techniku prostredia ZSVTS,  |c 2007 
300 |a 126 s 
996 |b 284V037083  |c V*1762/sc-09  |l VVT  |s A  |a 24  |w stu151770_0001 
996 |b 284V037095  |c V*1772/sc-09  |l VVT  |s A  |a 24  |w stu151770_0002